ARRUPE JESUIT UNIVERSITY

CORONAVIRUS -STOP THE SPREAD - CLEAN,DISINFECT,COVER

New Testament theology : (Record no. 124261)

MARC details
000 -LEADER
fixed length control field 01819pam a2200301 a 4500
001 - CONTROL NUMBER
control field 5419191
003 - CONTROL NUMBER IDENTIFIER
control field ARRUPE
005 - DATE AND TIME OF LATEST TRANSACTION
control field 20160301110556.0
008 - FIXED-LENGTH DATA ELEMENTS--GENERAL INFORMATION
fixed length control field 050301s2005 enk b 001 0 eng d
020 ## - INTERNATIONAL STANDARD BOOK NUMBER
International Standard Book Number 0281057583 (pbk. : alk. paper)
035 ## - SYSTEM CONTROL NUMBER
System control number (OCoLC)64579243
035 ## - SYSTEM CONTROL NUMBER
System control number (OCoLC)ocm64579243
035 ## - SYSTEM CONTROL NUMBER
System control number (NNC)5419191
040 ## - CATALOGING SOURCE
Original cataloging agency NNC
Transcribing agency NNC
050 #4 - LIBRARY OF CONGRESS CALL NUMBER
Classification number BS2397
Item number .E85 2005
300 ## - PHYSICAL DESCRIPTION
Dimensions 24 cm.
100 1# - MAIN ENTRY--PERSONAL NAME
Personal name Esler, Philip Francis.
9 (RLIN) 12175
245 10 - TITLE STATEMENT
Title New Testament theology :
Remainder of title communion and community /
Statement of responsibility, etc Philip F. Esler.
260 ## - PUBLICATION, DISTRIBUTION, ETC. (IMPRINT)
Place of publication, distribution, etc Minneapolis :
Name of publisher, distributor, etc Fortress Press,
Date of publication, distribution, etc c2005.
300 ## - PHYSICAL DESCRIPTION
Extent xii, 353 p. ;
504 ## - BIBLIOGRAPHY, ETC. NOTE
Bibliography, etc Includes bibliographical references (p. 313-334) and indexes.
505 0# - FORMATTED CONTENTS NOTE
Formatted contents note Introduction: The New Testament and contemporary Christianity -- The New Testament, history, and theology : the state of the debate -- Persons in communion : a socio-theological model -- Knowing and understanding the message of our ancestors in the faith -- The place of New Testament authors in interpretation -- Inter-personal understanding and the spoken word in Schleiermacher's hermeneutics -- Face-to-face communion between New Testament Christ-followers : 1 Corinthians 10-14 as a test case -- New Testament Christ-followers and the effects of writing -- Communion with the saints : origins and development -- Communion with the saints : modeling the naturalistic possibilities -- Communion with the saints in the fullest sense -- The canon and interpersonal communion -- History, hermeneutics, and communion : Romans.
630 00 - SUBJECT ADDED ENTRY--UNIFORM TITLE
Uniform title Bible.
Name of part/section of a work New Testament
General subdivision Theology.
9 (RLIN) 7188
630 00 - SUBJECT ADDED ENTRY--UNIFORM TITLE
Uniform title Bible.
Name of part/section of a work New Testament
General subdivision Criticism, interpretation, etc.
9 (RLIN) 22610
650 #0 - SUBJECT ADDED ENTRY--TOPICAL TERM
Topical term or geographic name as entry element Communities
General subdivision Religious aspects
-- Christianity.
9 (RLIN) 7308
942 ## - ADDED ENTRY ELEMENTS (KOHA)
Source of classification or shelving scheme Library of Congress Classification
Koha item type Monograph ( Printed materials)
948 1# - LOCAL PROCESSING INFORMATION (OCLC); SERIES PART DESIGNATOR (RLIN)
Series part designator, SPT (RLIN) 20050912
b (OCLC) o
c (OCLC) vt2130
d (OCLC) MPS
Holdings
Withdrawn status Lost status Source of classification or shelving scheme Damaged status Not for loan Collection code Home library Current library Shelving location Date acquired Total Checkouts Full call number Barcode Date last seen Price effective from Koha item type
    Library of Congress Classification     Main Collection ARRUPE LIBRARY ARRUPE LIBRARY Main Collection 01/03/2016   BS2397 .E85 2005 46500005858 01/03/2016 01/03/2016 Monograph ( Printed materials)

 

Arrupe Library. PO Box MP320 Mt Pleasant, Harare, Zimbabwe
263 242 745411|librarian@aju.ac.zw